000 00790nam a2200217 a 4500
001 000039610
005 20240306115517.0
008 130711s2012 dr 000 0 spa d
040 _aDO-SdBNP
_bspa
_cBNPHU
082 _a027.4
_bH557b
100 1 _aHernández, Jesús
_95470
245 1 0 _aBiblioteca Antillense Salesiana :
_bSantuario del pensamiento filosófico dominicano /
_cJesús Hernández.
260 _aSanto Domingo :
_bBiblioteca Antillense Salesiana,
_c2012.
300 _a119 p. ;
_c21 cm.
590 _aInventariado, 2018/BT
610 2 0 _aBiblioteca Antillense Salesiana
_95466
650 4 _aBibliotecas
_zRepública Dominicana
_95467
650 4 _aFilosofía
_xCatálogos
_965782
650 4 _aFilosofía
_xBibliografías
_965783
910 _aValidado. Control de calidad. MFF
999 _c39100
_d39100